The pocket manual : (Record no. 14509)

MARC details
000 -LEADER
fixed length control field 00625cam a22001931i 4500
001 - CONTROL NUMBER
control field ca 11002037
003 - CONTROL NUMBER IDENTIFIER
control field DLC
005 - DATE AND TIME OF LATEST TRANSACTION
control field 20260227111056.0
008 - FIXED-LENGTH DATA ELEMENTS--GENERAL INFORMATION
fixed length control field 860313s1883 pau 000 0 eng
010 ## - LIBRARY OF CONGRESS CONTROL NUMBER
LC control number ca 11002037
035 ## - SYSTEM CONTROL NUMBER
System control number (OCoLC)13293350
040 ## - CATALOGING SOURCE
Original cataloging agency DLC
Transcribing agency WM
Modifying agency DLC
050 00 - LIBRARY OF CONGRESS CALL NUMBER
Classification number PE1628
Item number .H5
100 1# - MAIN ENTRY--PERSONAL NAME
Personal name Heron, John M.
245 14 - TITLE STATEMENT
Title The pocket manual :
Number of part/section of a work number one ;
Remainder of title or, Our writer's and travellers' ready reference book for everyday use-- /
Statement of responsibility, etc. Rev. John M. Heron, A. M., editor--
260 ## - PUBLICATION, DISTRIBUTION, ETC.
Place of publication, distribution, etc. Philadelphia :
Name of publisher, distributor, etc. W.H. Thompson,
Date of publication, distribution, etc. 1883.
300 ## - PHYSICAL DESCRIPTION
Extent 224 p. ;
Other physical details 14 cm.
650 #0 - SUBJECT ADDED ENTRY--TOPICAL TERM
Topical term or geographic name entry element English language
General subdivision Dictionaries.

No items available.

Powered by Koha